000 00675nam a2200217Ia 4500
005 20241129111443.0
008 241129s9999||||xx |||||||||||||| ||und||
020 _a9788119533282
037 _aTB
040 _aCRL
_beng
_cCRL
041 _aurd
_2urd
084 _aO123,3M28,GG 168R3
_qCRL
100 _aMarquez Garcia Au.; Zeenat Hisam Tr.
_9724452
245 0 _aGabriel garcia marquez tanhai ke 100 saal
_cMarquez Garcia Au.; Zeenat Hisam Tr.
260 _aDelhi, India
_bArshia Publications
_c2023
300 _a410P.
365 _aINR
_b550
650 _aSpanish Literature
_937272
942 _cTB
_hO123,3M28,GG 168R3
999 _c1230540
_d1230540